Tabla periódica. modelos atómicos. uniones químicas /
Guardado en:
| Autor Principal: | |
|---|---|
| Formato: | Libro |
| Publicado: |
Buenos Aires :
Docencia,
1982
|
| Edición: | 3a. ed. |
| Materias: | |
| Etiquetas: |
Agregar Etiqueta
Sin Etiquetas, Sea el primero en etiquetar este registro!
|
| LEADER | 00621nam a22002175a 4500 | ||
|---|---|---|---|
| 001 | CEM.cems004985 | ||
| 005 | 20060217000000.0 | ||
| 008 | 130507s1982##################000#0#####d | ||
| 003 | CEMS | ||
| 082 | 0 | 4 | |a 540 |
| 100 | 1 | |a Pere, Miguel Angel | |
| 245 | 1 | 0 | |a Tabla periódica. modelos atómicos. uniones químicas / |
| 250 | |a 3a. ed. | ||
| 260 | |a Buenos Aires : |b Docencia, |c 1982 | ||
| 300 | |a 109 p. | ||
| 653 | |a Química | ||
| 653 | |a Química general | ||
| 653 | |a Química inorganica | ||
| 653 | |a Tabla periodica elementos | ||
| 653 | |a Teoria cuantica | ||
| 859 | |a CEMS |b BIB. CEMS - 11 de abril |h 540 |i P413a3/IV |p 12861.84 |t Ej.1 | ||
